[Event "DSJ Weihnachtsturnier U16: Steinitz 2020"]
[Site ""]
[Date "2020.12.28"]
[Round "5"]
[White "Pfeffer, Samuel"]
[Black "Tao, Alexander"]
[Result "0-1"]
[Termination "normal"]
[Board "2.4"]
[WhiteElo "1487"]
[BlackElo "1630"]
[WhiteTeam "SV Werder Bremen"]
[BlackTeam "SchVgg Blankenese von 1923"]
[PlyCount "88"]
[WhiteFideId "16249160"]
[BlackFideId "34606033"]
[EventRounds "7"]
[EventType "team-swiss"]
[EventDate "2020.12.28"]

1. d4 {[%emt 0:00:53]} d5 {[%emt 0:00:03] Werder2-004 kibitzing!?} 2. c4 {[%emt
0:00:02]} e6 {[%emt 0:00:02] Werder2-004 kibitzing!?} 3. Nc3 {[%emt 0:00:04]}
Nf6 {[%emt 0:00:01] Werder2-004 kibitzing!?} 4. Bg5 {[%emt 0:00:06]} Nbd7
{[%emt 0:00:05] Werder2-004 kibitzing!? Werder2-004 reconnected.} 5. e3 {[%emt
0:00:15]} c6 {[%emt 0:00:02] Werder2-004 kibitzing!?} 6. Nf3 {[%emt 0:00:02]}
Be7 {[%emt 0:00:02] Werder2-004 kibitzing!?} 7. Bd3 {[%emt 0:00:03]} dxc4
{[%emt 0:00:01] Werder2-004 kibitzing!?} 8. Bxc4 {[%emt 0:00:01]} b5 {[%emt
0:00:01] Werder2-004 kibitzing!?} 9. Bd3 {[%emt 0:00:01]} a6 {[%emt 0:00:02]}
10. O-O { [%emt 0:00:01] Werder2-004 kibitzing!?} Bb7 {[%emt 0:00:04]
Werder2-004 kibitzing!?} 11. Qc2 {[%emt 0:00:05]} h6 {[%emt 0:00:04]
Werder2-004 kibitzing!?} 12. Bh4 {[%emt 0:00:03]} c5 {[%emt 0:00:03]
Werder2-004 kibitzing!?} 13. a3 {[%emt 0:00:04]} c4 {[%emt 0:00:07] Werder2-004
kibitzing!? } 14. Be2 {[%emt 0:00:02]} O-O {[%emt 0:00:22] Werder2-004
kibitzing!?} 15. Rfe1 {[%emt 0:00:15]} Nd5 {[%emt 0:00:17] Werder2-004
kibitzing!?} 16. Bxe7 { [%emt 0:00:04]} Qxe7 {[%emt 0:00:01] Werder2-004
kibitzing!?} 17. e4 {[%emt 0:00:02]} Nf4 {[%emt 0:00:05] Werder2-004
kibitzing!?} 18. Bf1 {[%emt 0:00:05]} Nf6 {[%emt 0:00:13] Werder2-004
kibitzing!?} 19. Qd2 {[%emt 0:00:08]} Ng6 { [%emt 0:00:14] Werder2-004
kibitzing!?} 20. g3 {[%emt 0:00:06]} Rad8 {[%emt 0:00:05] Werder2-004
kibitzing!?} 21. Bg2 {[%emt 0:00:08]} Rd7 {[%emt 0:00:32] Werder2-004
kibitzing!?} 22. Qe2 {[%emt 0:00:03]} Rfd8 {[%emt 0:00:04] Werder2-004
kibitzing!?} 23. Rad1 {[%emt 0:00:02]} b4 {[%emt 0:00:20] Werder2-004
kibitzing!?} 24. axb4 {[%emt 0:00:04]} Qxb4 {[%emt 0:00:02] Werder2-004
kibitzing!?} 25. e5 {[%emt 0:00:06]} Nd5 {[%emt 0:00:12] Werder2-004
kibitzing!?} 26. Nxd5 {[%emt 0:00:10]} Bxd5 {[%emt 0:00:06] Werder2-004
kibitzing!?} 27. Ra1 {[%emt 0:00:05]} Rb7 {[%emt 0:00:18] Werder2-004
kibitzing!?} 28. Rxa6 {[%emt 0:00:06]} Qxb2 {[%emt 0:00:02] Werder2-004
kibitzing!?} 29. Qxb2 {[%emt 0:00:11]} Rxb2 {[%emt 0:00:03] Werder2-004
kibitzing!?} 30. Rc1 {[%emt 0:00:03]} Rdb8 {[%emt 0:00:04] Werder2-004
kibitzing!?} 31. Bf1 {[%emt 0:00:07]} R8b4 {[%emt 0:00:18] Werder2-004
kibitzing!?} 32. Ne1 {[%emt 0:00:05]} R2b3 {[%emt 0:00:21] Werder2-004
kibitzing!?} 33. Nc2 {[%emt 0:00:08]} Rb8 {[%emt 0:00:05] Werder2-004
kibitzing!?} 34. Ra3 {[%emt 0:00:20]} Ne7 {[%emt 0:00:03] Werder2-004
kibitzing!?} 35. Ra4 {[%emt 0:00:08]} c3 {[%emt 0:00:18] Werder2-004
kibitzing!?} 36. Na1 {[%emt 0:00:03]} R3b4 {[%emt 0:00:15] Werder2-004
kibitzing!?} 37. Rxb4 {[%emt 0:00:04]} Rxb4 {[%emt 0:00:02]} 38. Rxc3 {[%emt
0:00:01]} Rxd4 {[%emt 0:00:01] Werder2-004 received Ill MvData=73. b8-b4
(153cs) Werder2-004 kibitzing!?} 39. Bd3 {[%emt 0:00:06]} Rb4 {[%emt 0:00:03]
Werder2-004 kibitzing!?} 40. h4 {[%emt 0:00:14]} g6 {[%emt 0:00:03] Werder2-004
kibitzing!?} 41. Rc7 {[%emt 0:00:06]} Nf5 {[%emt 0:00:03] Werder2-004
kibitzing!?} 42. Bxf5 {[%emt 0:00:05]} exf5 {[%emt 0:00:05] Werder2-004
kibitzing!?} 43. Nc2 {[%emt 0:00:05]} Rb1+ {[%emt 0:00:03]} 44. Kh2 {[%emt
0:00:03] Werder2-004 received Ill MvData=85. b4-b1 (266cs)} Rh1# { [%emt
0:00:01]} 0-1

[Event "DSJ Weihnachtsturnier U16: Steinitz 2020"]
[Site ""]
[Date "2020.12.28"]
[Round "5"]
[White "Ciolacu, Alessia-Mihaela"]
[Black "Schön, Florian"]
[Result "1-0"]
[Termination "normal"]
[Board "3.1"]
[WhiteTitle "WFM"]
[WhiteElo "2052"]
[BlackElo "1642"]
[WhiteTeam "Schachverein Hemer 1932"]
[BlackTeam "VfB Schach Leipzig"]
[PlyCount "117"]
[WhiteFideId "1252640"]
[BlackFideId "16259394"]
[EventRounds "7"]
[EventType "team-swiss"]
[EventDate "2020.12.28"]

1. d4 {[%emt 0:00:05]} d5 {[%emt 0:00:05]} 2. Nf3 {[%emt 0:00:07]} Nf6 { [%emt
0:00:04]} 3. e3 {[%emt 0:00:02]} c5 {[%emt 0:00:04]} 4. b3 {[%emt 0:00:01]} Nc6
{[%emt 0:00:01]} 5. Bb2 {[%emt 0:00:04]} Bg4 {[%emt 0:00:03]} 6. Be2 { [%emt
0:00:01]} e6 {[%emt 0:00:02]} 7. O-O {[%emt 0:00:02]} Bd6 {[%emt 0:00:02] } 8.
Nbd2 {[%emt 0:00:01]} O-O {[%emt 0:00:01]} 9. Ne5 {[%emt 0:00:03]} Bxe2 { [%emt
0:00:06]} 10. Qxe2 {[%emt 0:00:00]} Qc7 {[%emt 0:00:13]} 11. f4 {[%emt
0:00:08]} cxd4 {[%emt 0:00:25]} 12. exd4 {[%emt 0:00:09]} Rac8 {[%emt 0:00:12]}
13. c3 {[%emt 0:00:04]} Ne7 {[%emt 0:00:11]} 14. Rf3 {[%emt 0:00:16]} Nf5 {
[%emt 0:00:03]} 15. Rh3 {[%emt 0:00:13]} h6 {[%emt 0:00:16]} 16. g4 {[%emt
0:00:09]} Ne7 {[%emt 0:00:03]} 17. g5 {[%emt 0:00:16]} Bxe5 {[%emt 0:00:51]}
18. fxe5 {[%emt 0:00:12]} Ne8 {[%emt 0:00:55]} 19. gxh6 {[%emt 0:00:10]} gxh6 {
[%emt 0:00:02]} 20. Rxh6 {[%emt 0:00:20]} Nf5 {[%emt 0:00:03]} 21. Qg4+ { [%emt
0:00:09]} Neg7 {[%emt 0:00:02]} 22. Rh3 {[%emt 0:00:20]} f6 {[%emt 0:00:10]}
23. Nf3 {[%emt 0:00:13]} Qf7 {[%emt 0:00:08]} 24. Kh1 {[%emt 0:00:35]} Ne3
{[%emt 0:00:11]} 25. Qh4 {[%emt 0:00:13]} Qg6 {[%emt 0:00:08]} 26. Rg1 { [%emt
0:00:07]} Nef5 {[%emt 0:00:24]} 27. Rxg6 {[%emt 0:00:16]} Nxh4 {[%emt 0:00:03]}
28. Rxh4 {[%emt 0:00:06]} f5 {[%emt 0:00:04]} 29. Ng5 {[%emt 0:00:11]} Rce8
{[%emt 0:00:02]} 30. Rgh6 {[%emt 0:00:04]} Nh5 {[%emt 0:00:23]} 31. R4xh5
{[%emt 0:00:03]} Kg7 {[%emt 0:00:14]} 32. Nxe6+ {[%emt 0:00:08]} Rxe6 {[%emt
0:00:07]} 33. Rxe6 {[%emt 0:00:01]} Kf7 {[%emt 0:00:00]} 34. Rf6+ {[%emt
0:00:01] } Ke7 {[%emt 0:00:01]} 35. Rh7+ {[%emt 0:00:01]} Ke8 {[%emt 0:00:02]}
36. Ba3 { [%emt 0:00:03]} Rg8 {[%emt 0:00:06]} 37. Rhf7 {[%emt 0:00:09]} f4
{[%emt 0:00:05]} 38. Rf8+ {[%emt 0:00:02]} Rxf8 {[%emt 0:00:01]} 39. Rxf8+
{[%emt 0:00:01]} Kd7 {[%emt 0:00:01]} 40. Rf7+ {[%emt 0:00:01]} Ke6 {[%emt
0:00:01]} 41. Rf6+ { [%emt 0:00:01]} Kd7 {[%emt 0:00:02]} 42. e6+ {[%emt
0:00:01]} Ke8 {[%emt 0:00:02]} 43. e7 {[%emt 0:00:02]} f3 {[%emt 0:00:05]} 44.
Rf8+ {[%emt 0:00:01]} Kd7 {[%emt 0:00:02] Hemer4-001 reconnected. Hemer4-001
reconnected.} 45. Kg1 { [%emt 0:00:50]} f2+ {[%emt 0:00:00]} 46. Kxf2 {[%emt
0:00:01]} Kc6 {[%emt 0:00:05] Hemer4-001 reconnected.} 47. Kf3 {[%emt 0:00:09]}
Kd7 {[%emt 0:00:04]} 48. Kf4 {[%emt 0:00:01]} Kc6 {[%emt 0:00:04]} 49. Ke5
{[%emt 0:00:02]} b5 {[%emt 0:00:03]} 50. Rd8 {[%emt 0:00:03]} b4 {[%emt
0:00:04]} 51. Bxb4 {[%emt 0:00:02]} a6 {[%emt 0:00:01]} 52. Rd6+ {[%emt
0:00:25]} Kb7 {[%emt 0:00:03]} 53. Kxd5 { [%emt 0:00:02]} Kc7 {[%emt 0:00:03]}
54. Ba5+ {[%emt 0:00:01]} Kb7 {[%emt 0:00:01]} 55. Rb6+ {[%emt 0:00:07]} Ka7
{[%emt 0:00:02]} 56. Kc6 {[%emt 0:00:03]} Ka8 {[%emt 0:00:01]} 57. Rxa6+ {[%emt
0:00:01]} Kb8 {[%emt 0:00:01]} 58. Bb6 { [%emt 0:00:03]} Kc8 {[%emt 0:00:02]}
59. Ra8# {[%emt 0:00:01]} 1-0

[Event "DSJ Weihnachtsturnier U16: Steinitz 2020"]
[Site ""]
[Date "2020.12.28"]
[Round "5"]
[White "Englert, Luca"]
[Black "Leonard, Timo"]
[Result "0-1"]
[Termination "normal"]
[Board "3.2"]
[WhiteElo "1563"]
[BlackElo "1953"]
[WhiteTeam "VfB Schach Leipzig"]
[BlackTeam "Schachverein Hemer 1932"]
[PlyCount "116"]
[WhiteFideId "16293088"]
[BlackFideId "16208757"]
[EventRounds "7"]
[EventType "team-swiss"]
[EventDate "2020.12.28"]

1. e4 {[%emt 0:00:03]} c5 {[%emt 0:00:02]} 2. Nc3 {[%emt 0:00:01]} Nc6 { [%emt
0:00:03]} 3. f4 {[%emt 0:00:04]} g6 {[%emt 0:00:03]} 4. Nf3 {[%emt 0:00:10]}
Bg7 {[%emt 0:00:07]} 5. Bb5 {[%emt 0:00:06]} Nd4 {[%emt 0:00:07]} 6. O-O {
[%emt 0:00:03]} Nxb5 {[%emt 0:00:12]} 7. Nxb5 {[%emt 0:00:00]} d5 {[%emt
0:00:07]} 8. d3 {[%emt 0:00:07]} a6 {[%emt 0:00:05]} 9. Nc3 {[%emt 0:00:05]} e6
{ [%emt 0:00:01]} 10. exd5 {[%emt 0:00:06]} exd5 {[%emt 0:00:03]} 11. Re1+ {
[%emt 0:00:02]} Ne7 {[%emt 0:00:07]} 12. Qe2 {[%emt 0:00:02]} Bf6 {[%emt
0:00:05]} 13. Bd2 {[%emt 0:00:35]} O-O {[%emt 0:00:04]} 14. Kh1 {[%emt
0:00:06]} Re8 {[%emt 0:00:09]} 15. Qf2 {[%emt 0:00:02]} Qd6 {[%emt 0:00:06]}
16. Re2 { [%emt 0:00:07]} Bd7 {[%emt 0:00:16]} 17. Rae1 {[%emt 0:00:04]} Nf5
{[%emt 0:00:16]} 18. Rxe8+ {[%emt 0:00:04]} Rxe8 {[%emt 0:00:03]} 19. Rxe8+
{[%emt 0:00:01] } Bxe8 {[%emt 0:00:01]} 20. g4 {[%emt 0:00:09]} Nd4 {[%emt
0:00:04]} 21. Nxd4 { [%emt 0:00:02]} Bxd4 {[%emt 0:00:01]} 22. Qf3 {[%emt
0:00:03]} c4 {[%emt 0:00:32]} 23. Be3 {[%emt 0:00:16]} Bxc3 {[%emt 0:00:38]}
24. bxc3 {[%emt 0:00:05]} cxd3 {[%emt 0:00:26]} 25. cxd3 {[%emt 0:00:00]} d4
{[%emt 0:00:04]} 26. Kg1 { [%emt 0:00:19]} dxe3 {[%emt 0:00:05]} 27. Qxe3
{[%emt 0:00:00]} Bc6 {[%emt 0:00:19]} 28. c4 {[%emt 0:00:03]} Qa3 {[%emt
0:00:12]} 29. Qe2 {[%emt 0:00:08]} Qc1+ {[%emt 0:00:09]} 30. Kf2 {[%emt
0:00:03]} Qxf4+ {[%emt 0:00:03]} 31. Ke1 { [%emt 0:00:04]} Qf3 {[%emt 0:00:18]}
32. d4 {[%emt 0:00:23]} Qxe2+ {[%emt 0:00:03]} 33. Kxe2 {[%emt 0:00:00]} f6
{[%emt 0:00:05]} 34. Ke3 {[%emt 0:00:02]} Kf7 {[%emt 0:00:02]} 35. d5 {[%emt
0:00:01]} Ba4 {[%emt 0:00:03]} 36. Kd4 {[%emt 0:00:02]} b6 {[%emt 0:00:06]} 37.
h3 {[%emt 0:00:11] VfBLeip2-002 offers a draw} Bd1 {[%emt 0:00:12]} 38. c5
{[%emt 0:00:07]} bxc5+ {[%emt 0:00:02]} 39. Kxc5 { [%emt 0:00:00]} Ke7 {[%emt
0:00:07]} 40. Kb6 {[%emt 0:00:02]} Kd6 {[%emt 0:00:02]} 41. Kxa6 {[%emt
0:00:01]} f5 {[%emt 0:00:02]} 42. gxf5 {[%emt 0:00:06]} gxf5 {[%emt 0:00:02]}
43. Kb5 {[%emt 0:00:00]} Kxd5 {[%emt 0:00:03]} 44. Kb4 { [%emt 0:00:01]} Kd4
{[%emt 0:00:04]} 45. a4 {[%emt 0:00:07]} Bxa4 {[%emt 0:00:02]} 46. Kxa4 {[%emt
0:00:00]} f4 {[%emt 0:00:01]} 47. Kb5 {[%emt 0:00:03]} f3 {[%emt 0:00:02]} 48.
Kc6 {[%emt 0:00:00]} f2 {[%emt 0:00:02]} 49. Kd6 {[%emt 0:00:00]} f1=Q {[%emt
0:00:01]} 50. Ke6 {[%emt 0:00:01]} Qf4 {[%emt 0:00:01]} 51. Ke7 {[%emt
0:00:04]} Qf5 {[%emt 0:00:02]} 52. h4 {[%emt 0:00:02]} h5 {[%emt 0:00:02]} 53.
Kd6 {[%emt 0:00:02]} Qf6+ {[%emt 0:00:01]} 54. Kd7 {[%emt 0:00:02]} Kd5 {[%emt
0:00:01]} 55. Kc7 {[%emt 0:00:02]} Qc6+ {[%emt 0:00:02]} 56. Kd8 { [%emt
0:00:01]} Qb7 {[%emt 0:00:02]} 57. Ke8 {[%emt 0:00:01]} Ke6 {[%emt 0:00:01]}
58. Kf8 {[%emt 0:00:00]} Qf7# {[%emt 0:00:02]} 0-1

[Event "DSJ Weihnachtsturnier U16: Steinitz 2020"]
[Site ""]
[Date "2020.12.28"]
[Round "5"]
[White "Poggemann, Alexander"]
[Black "Widmann, Maximilian"]
[Result "1-0"]
[Termination "normal"]
[Board "3.3"]
[WhiteElo "1813"]
[BlackElo "1573"]
[WhiteTeam "Schachverein Hemer 1932"]
[BlackTeam "VfB Schach Leipzig"]
[PlyCount "93"]
[WhiteFideId "16224167"]
[BlackFideId "16281691"]
[EventRounds "7"]
[EventType "team-swiss"]
[EventDate "2020.12.28"]

1. e4 {[%emt 0:00:03] VfBLeip2-003 reconnected.} c6 {[%emt 0:00:05]} 2. d4 {
[%emt 0:00:03]} d5 {[%emt 0:00:05]} 3. exd5 {[%emt 0:00:01]} cxd5 {[%emt
0:00:03]} 4. Nf3 {[%emt 0:00:01]} Bg4 {[%emt 0:00:04]} 5. Be3 {[%emt 0:00:07]}
Nc6 { [%emt 0:00:11]} 6. Be2 {[%emt 0:00:04]} Bf5 {[%emt 0:00:03]} 7. c4 {[%emt
0:00:08]} Nf6 {[%emt 0:00:20]} 8. Nc3 {[%emt 0:00:03]} e6 {[%emt 0:00:05]} 9.
O-O { [%emt 0:00:02]} Bd6 {[%emt 0:00:06]} 10. Qb3 {[%emt 0:00:14]} dxc4 {[%emt
0:00:29]} 11. Qxb7 {[%emt 0:00:17]} Qc8 {[%emt 0:00:35]} 12. Qxc8+ {[%emt
0:00:05]} Rxc8 {[%emt 0:00:00]} 13. Bxc4 {[%emt 0:00:13]} Nxd4 {[%emt 0:01:04]}
14. Nxd4 {[%emt 0:00:16]} Rxc4 {[%emt 0:00:06]} 15. Nxf5 {[%emt 0:00:01]} exf5
{[%emt 0:00:02]} 16. Bxa7 {[%emt 0:00:01]} O-O {[%emt 0:00:18]} 17. Rad1 {[%emt
0:00:09] } Be5 {[%emt 0:00:26]} 18. Rd3 {[%emt 0:01:11]} Bxc3 {[%emt 0:00:25]}
19. Rxc3 {[%emt 0:00:11]} Rxc3 {[%emt 0:00:04]} 20. bxc3 {[%emt 0:00:03]} Ne4
{[%emt 0:00:05]} 21. Bd4 {[%emt 0:00:11]} Rc8 {[%emt 0:00:06]} 22. Rc1 {[%emt
0:00:16]} Ra8 {[%emt 0:00:20]} 23. Rc2 {[%emt 0:00:10]} Rb8 {[%emt 0:00:16]}
24. Kf1 { [%emt 0:00:25]} f6 {[%emt 0:00:19]} 25. Ke2 {[%emt 0:00:11]} Ng5
{[%emt 0:00:12]} 26. c4 {[%emt 0:00:07]} Ne6 {[%emt 0:00:04]} 27. Be3 {[%emt
0:00:19]} Re8 {[%emt 0:00:04]} 28. Kd3 {[%emt 0:00:17] VfBLeip2-003
reconnected.} Rd8+ { [%emt 0:01:37]} 29. Kc3 {[%emt 0:00:06]} f4 {[%emt
0:00:06]} 30. Bb6 {[%emt 0:00:24]} Rd6 {[%emt 0:00:20]} 31. c5 {[%emt 0:00:10]}
Rc6 {[%emt 0:00:21]} 32. Kb4 {[%emt 0:00:06]} Nd4 {[%emt 0:00:09]} 33. Rd2
{[%emt 0:00:05]} Nf5 { [%emt 0:00:11]} 34. Kb5 {[%emt 0:00:11]} Rc8 {[%emt
0:00:10]} 35. Rd8+ { [%emt 0:00:04]} Rxd8 {[%emt 0:00:08]} 36. Bxd8 {[%emt
0:00:03] VfBLeip2-003 offers a draw} Kf7 {[%emt 0:00:07]} 37. c6 {[%emt
0:00:09]} Nd6+ {[%emt 0:00:08]} 38. Kb6 {[%emt 0:00:10]} Ke8 {[%emt 0:00:12]}
39. c7 {[%emt 0:00:14]} Kd7 {[%emt 0:00:21]} 40. a4 {[%emt 0:00:21]} Kc8 {[%emt
0:00:11]} 41. a5 {[%emt 0:00:17]} Nc4+ {[%emt 0:00:34]} 42. Kb5 {[%emt
0:00:05]} Nd6+ {[%emt 0:00:03]} 43. Kc6 {[%emt 0:00:05]} Ne8 {[%emt 0:00:08]}
44. a6 {[%emt 0:00:07]} g5 { [%emt 0:00:13]} 45. a7 {[%emt 0:00:03]} Nxc7
{[%emt 0:00:04]} 46. Bxc7 { [%emt 0:00:05]} f3 {[%emt 0:00:03]} 47. a8=Q#
{[%emt 0:00:02]} 1-0

[Event "DSJ Weihnachtsturnier U16: Steinitz 2020"]
[Site ""]
[Date "2020.12.28"]
[Round "5"]
[White "Möller, Maurin"]
[Black "Yi, Danny"]
[Result "0-1"]
[Termination "normal"]
[Board "4.1"]
[BlackTitle "FM"]
[WhiteElo "1627"]
[BlackElo "2253"]
[WhiteTeam "SK Blauer Springer Paderborn 1926"]
[BlackTeam "SF 59 Kornwestheim"]
[PlyCount "104"]
[WhiteFideId "16265696"]
[BlackFideId "12988588"]
[EventRounds "7"]
[EventType "team-swiss"]
[EventDate "2020.12.28"]

1. e4 {[%emt 0:00:04]} e5 {[%emt 0:00:03]} 2. Nf3 {[%emt 0:00:09]} Nc6 { [%emt
0:00:01]} 3. d4 {[%emt 0:00:03]} exd4 {[%emt 0:00:01]} 4. Bc4 {[%emt 0:00:03]}
Nf6 {[%emt 0:00:01]} 5. e5 {[%emt 0:00:01]} d5 {[%emt 0:00:01]} 6. Bb5 {[%emt
0:00:02]} Ne4 {[%emt 0:00:01]} 7. O-O {[%emt 0:00:02]} Bc5 {[%emt 0:00:54]} 8.
Nxd4 {[%emt 0:00:04]} Bd7 {[%emt 0:00:12]} 9. Bxc6 {[%emt 0:00:12]} bxc6 {[%emt
0:00:01]} 10. Nc3 {[%emt 0:00:13]} Nxc3 {[%emt 0:00:12]} 11. bxc3 { [%emt
0:00:00]} O-O {[%emt 0:00:01]} 12. Nb3 {[%emt 0:00:23]} Bb6 {[%emt 0:00:13]}
13. a4 {[%emt 0:00:05]} a5 {[%emt 0:00:04]} 14. Re1 {[%emt 0:00:05]} Re8 {
[%emt 0:00:09]} 15. Qf3 {[%emt 0:00:09]} Qh4 {[%emt 0:00:42]} 16. Be3 {[%emt
0:00:11]} Rxe5 {[%emt 0:00:15]} 17. Bxb6 {[%emt 0:00:27]} Rxe1+ {[%emt
0:00:02]} 18. Rxe1 {[%emt 0:00:00]} cxb6 {[%emt 0:00:01]} 19. g3 {[%emt
0:00:15]} Qg5 { [%emt 0:00:14]} 20. h4 {[%emt 0:00:09]} Qf5 {[%emt 0:00:03]}
21. Qxf5 {[%emt 0:00:21]} Bxf5 {[%emt 0:00:00]} 22. Nd4 {[%emt 0:00:01]} Bd7
{[%emt 0:00:01]} 23. Re7 {[%emt 0:00:02]} Rd8 {[%emt 0:00:05]} 24. Kf1 {[%emt
0:00:15]} Kf8 { [%emt 0:00:03]} 25. Re3 {[%emt 0:00:03]} Re8 {[%emt 0:00:09]}
26. Ke2 {[%emt 0:00:58]} c5 {[%emt 0:00:07]} 27. Rxe8+ {[%emt 0:00:14]} Kxe8
{[%emt 0:00:03]} 28. Nf3 {[%emt 0:00:02]} Bxa4 {[%emt 0:00:05]} 29. Kd3 {[%emt
0:00:09]} Bb5+ { [%emt 0:00:05]} 30. Kd2 {[%emt 0:00:03]} Ke7 {[%emt 0:00:09]}
31. Ng5 {[%emt 0:00:01]} f6 {[%emt 0:00:13]} 32. Nh3 {[%emt 0:00:11]} Kd6
{[%emt 0:00:20]} 33. Nf4 {[%emt 0:00:02]} Ke5 {[%emt 0:00:05]} 34. Ke3 {[%emt
0:00:21]} a4 {[%emt 0:00:10]} 35. Kd2 {[%emt 0:00:06]} g5 {[%emt 0:00:14]} 36.
hxg5 {[%emt 0:00:05]} fxg5 {[%emt 0:00:00]} 37. Nh3 {[%emt 0:00:01]} h6 {[%emt
0:00:11]} 38. f3 { [%emt 0:00:03]} a3 {[%emt 0:00:40]} 39. Kc1 {[%emt 0:00:03]}
Be2 {[%emt 0:00:17]} 40. f4+ {[%emt 0:00:12]} Kf5 {[%emt 0:00:07]} 41. fxg5
{[%emt 0:00:03]} hxg5 {[%emt 0:00:02]} 42. Nf2 {[%emt 0:00:03]} b5 {[%emt
0:00:09]} 43. Kb1 { [%emt 0:00:02]} b4 {[%emt 0:00:05]} 44. cxb4 {[%emt
0:00:35]} cxb4 {[%emt 0:00:00]} 45. Ka2 {[%emt 0:00:03]} g4 {[%emt 0:00:06]}
46. Kb1 {[%emt 0:00:27]} Ke5 {[%emt 0:00:04]} 47. Ka2 {[%emt 0:00:13]} Kd4
{[%emt 0:00:02]} 48. Nxg4 { [%emt 0:00:55]} Bxg4 {[%emt 0:00:03]} 49. Kb3
{[%emt 0:00:04]} Ke3 {[%emt 0:00:03]} 50. c3 {[%emt 0:00:02]} a2 {[%emt
0:00:05]} 51. Kxa2 {[%emt 0:00:03]} bxc3 {[%emt 0:00:01]} 52. Kb1 {[%emt
0:00:02]} Kd2 {[%emt 0:00:01]} 0-1

[Event "DSJ Weihnachtsturnier U16: Steinitz 2020"]
[Site ""]
[Date "2020.12.28"]
[Round "5"]
[White "Afonso, Nils"]
[Black "Klahold, Rona"]
[Result "1-0"]
[Termination "normal"]
[Board "4.2"]
[WhiteElo "1960"]
[BlackElo "1547"]
[WhiteTeam "SF 59 Kornwestheim"]
[BlackTeam "SK Blauer Springer Paderborn 1926"]
[PlyCount "141"]
[WhiteFideId "12990582"]
[BlackFideId "16222970"]
[EventRounds "7"]
[EventType "team-swiss"]
[EventDate "2020.12.28"]

1. d4 {[%emt 0:00:17]} d5 {[%emt 0:00:10]} 2. c4 {[%emt 0:00:02]} c6 {[%emt
0:00:09]} 3. Nf3 {[%emt 0:00:03]} Bf5 {[%emt 0:00:07]} 4. Nc3 {[%emt 0:00:05]}
e6 {[%emt 0:00:04]} 5. cxd5 {[%emt 0:00:07]} exd5 {[%emt 0:00:05]} 6. e3 {[%emt
0:00:23]} Nf6 {[%emt 0:00:05]} 7. h3 {[%emt 0:00:03]} Nbd7 {[%emt 0:00:09]} 8.
Nh4 {[%emt 0:00:03]} Bg6 {[%emt 0:00:17]} 9. Nxg6 {[%emt 0:00:10]} hxg6 { [%emt
0:00:02]} 10. Bd3 {[%emt 0:00:01]} Bd6 {[%emt 0:00:06]} 11. b3 {[%emt 0:00:04]}
Qe7 {[%emt 0:00:12]} 12. Bb2 {[%emt 0:00:03]} Bb4 {[%emt 0:00:11]} 13. O-O
{[%emt 0:00:06]} Ne4 {[%emt 0:00:13]} 14. Nxe4 {[%emt 0:00:22]} dxe4 { [%emt
0:00:04]} 15. Bc4 {[%emt 0:00:01]} Nb6 {[%emt 0:00:10]} 16. a3 {[%emt 0:00:07]}
Nxc4 {[%emt 0:00:05]} 17. bxc4 {[%emt 0:00:01]} Bd6 {[%emt 0:00:03]} 18. d5
{[%emt 0:00:12]} cxd5 {[%emt 0:00:09]} 19. Qxd5 {[%emt 0:00:03]} Rd8 { [%emt
0:00:04]} 20. Rad1 {[%emt 0:00:09]} O-O {[%emt 0:00:18]} 21. Qd4 { [%emt
0:00:09]} f6 {[%emt 0:00:13]} 22. Qxa7 {[%emt 0:00:04]} Ra8 {[%emt 0:00:19]}
23. Qb6 {[%emt 0:00:04]} Bxa3 {[%emt 0:00:08]} 24. Bxa3 {[%emt 0:00:11]} Rxa3
{[%emt 0:00:02]} 25. c5 {[%emt 0:00:01]} Ra6 {[%emt 0:00:04]} 26. Qb5 { [%emt
0:00:06]} Rc6 {[%emt 0:00:07]} 27. Rd5 {[%emt 0:00:16]} Rfc8 {[%emt 0:00:08]}
28. Rfd1 {[%emt 0:00:08]} Rxc5 {[%emt 0:00:15]} 29. Rd7 {[%emt 0:00:55]} Rxb5
{[%emt 0:00:18]} 30. Rxe7 {[%emt 0:00:05]} b6 {[%emt 0:00:15]} 31. Rdd7 { [%emt
0:00:01]} Rc1+ {[%emt 0:00:09]} 32. Kh2 {[%emt 0:00:02]} Rb2 {[%emt 0:00:18]}
33. Rxg7+ {[%emt 0:00:03]} Kf8 {[%emt 0:00:05]} 34. Rdf7+ {[%emt 0:00:02]} Ke8
{[%emt 0:00:02]} 35. Rxf6 {[%emt 0:00:01]} Rcc2 {[%emt 0:00:08]} 36. Rfxg6
{[%emt 0:00:08]} Rxf2 {[%emt 0:00:04]} 37. Rb7 {[%emt 0:00:02]} Rf8 {[%emt
0:00:37]} 38. Re6+ {[%emt 0:00:12]} Kd8 {[%emt 0:00:04]} 39. Rxe4 {[%emt
0:00:01] } Kc8 {[%emt 0:00:07]} 40. Ree7 {[%emt 0:00:03]} Rg8 {[%emt 0:00:05]}
41. Rbc7+ {[%emt 0:00:02]} Kb8 {[%emt 0:00:10]} 42. Rb7+ {[%emt 0:00:05]} Ka8
{[%emt 0:00:05] Paderb2-002 offers a draw} 43. Ra7+ {[%emt 0:00:06]} Kb8 {[%emt
0:00:06] } 44. Reb7+ {[%emt 0:00:01]} Kc8 {[%emt 0:00:03]} 45. Rg7 {[%emt
0:00:02]} Rxg7 {[%emt 0:00:05]} 46. Rxg7 {[%emt 0:00:00]} b5 {[%emt 0:00:02]}
47. h4 {[%emt 0:00:04]} b4 {[%emt 0:00:05]} 48. Rg4 {[%emt 0:00:01]} b3 {[%emt
0:00:06]} 49. h5 {[%emt 0:00:01]} Re2 {[%emt 0:00:06]} 50. Rb4 {[%emt 0:00:04]}
b2 {[%emt 0:00:01]} 51. e4 {[%emt 0:00:03]} Kd8 {[%emt 0:00:07]} 52. Kh3 {[%emt
0:00:02]} Ke7 {[%emt 0:00:03]} 53. g4 {[%emt 0:00:04]} Kf6 {[%emt 0:00:03]} 54.
Kh4 {[%emt 0:00:08]} Rh2+ {[%emt 0:00:04]} 55. Kg3 {[%emt 0:00:01]} Rc2 {[%emt
0:00:03]} 56. Rb5 {[%emt 0:00:02]} Rc3+ {[%emt 0:00:02]} 57. Kf4 {[%emt
0:00:01]} Rc2 { [%emt 0:00:02]} 58. Rb6+ {[%emt 0:00:02]} Kg7 {[%emt 0:00:07]}
59. Kg5 { [%emt 0:00:01]} Rc5+ {[%emt 0:00:03]} 60. Kf4 {[%emt 0:00:02]} Rc2
{[%emt 0:00:01]} 61. e5 {[%emt 0:00:01]} Rc4+ {[%emt 0:00:02]} 62. Kg5 {[%emt
0:00:02]} Rc5 {[%emt 0:00:18]} 63. Rb7+ {[%emt 0:00:03]} Kg8 {[%emt 0:00:03]}
64. Kf6 { [%emt 0:00:05]} Rc6+ {[%emt 0:00:02]} 65. e6 {[%emt 0:00:01]} Rc2
{[%emt 0:00:07]} 66. h6 {[%emt 0:00:06]} Rf2+ {[%emt 0:00:02]} 67. Kg6 {[%emt
0:00:01]} Kf8 {[%emt 0:00:07]} 68. h7 {[%emt 0:00:03]} Rh2 {[%emt 0:00:03]} 69.
Rxb2 { [%emt 0:00:03]} Rxb2 {[%emt 0:00:03]} 70. h8=Q+ {[%emt 0:00:02]} Ke7
{[%emt 0:00:01]} 71. Qxb2 {[%emt 0:00:00]} 1-0